Rogers-Skelton and allied families
Thomas Rogers and his eldest son migrated to America in 1620 on the Mayflower. Thomas was born ca 1586-1587 probably in Dorcetshire or Wilshire. He married Grace __?__. Out of this union, a number of children were born. Thomaśs wife and younger children remained in England. He died in February 1621 at which time his wife married his brother William. After William died, his wife married Roger Porter and left England to come to America.
Record details
- Physical Description: 903 pages
- Publisher: Baltimore, Md. : Gateway Press, 1987
Content descriptions
| Bibliography, etc. Note: | Includes bibliographical references (pages 834-843) and index. |
Search for related items by subject
| Subject: | Rogers family. Skelton family. Berry. Jones. Kennemer. Kilgore. Lawrence. Genealogy. |
| Genre: | Genealogy Family History |
Available copies
- 0 of 1 copy available at scottsboropl.
Holds
- 0 current holds with 1 total copy.
Show Only Available Copies
| Location | Call Number / Copy Notes | Barcode | Shelving Location | Status | Due Date |
|---|---|---|---|---|---|
| scottsboropl | R 929.2 Rog | 32269000372196 | Adult - Nonfiction | Non-Circulating | - |
| LDR | 00639cam a2200205 4500 | ||
|---|---|---|---|
| 001 | 124056 | ||
| 003 | SBPL | ||
| 005 | 20220407214440.0 | ||
| 008 | 931015 1987 0 eng | ||
| 035 | . | ‡a(CONS)124056 | |
| 035 | . | ‡a(CPomAG)LMN486547 | |
| 100 | 1 | . | ‡aSkelton, Helen Rogers, ‡d1917-: ‡eauthor |
| 245 | 1 | 0. | ‡aRogers-Skelton and allied families |
| 260 | . | ‡aBaltimore, Md. : ‡bGateway Press, ‡c1987 | |
| 300 | . | ‡a903 pages | |
| 336 | . | ‡atext ‡btxt ‡2rdacontent | |
| 337 | . | ‡aunmediated ‡bn ‡2rdamedia | |
| 338 | . | ‡avolume ‡bnc ‡2rdacarrier | |
| 504 | . | ‡aIncludes bibliographical references (pages 834-843) and index. | |
| 520 | . | ‡aThomas Rogers and his eldest son migrated to America in 1620 on the Mayflower. Thomas was born ca 1586-1587 probably in Dorcetshire or Wilshire. He married Grace __?__. Out of this union, a number of children were born. Thomaśs wife and younger children remained in England. He died in February 1621 at which time his wife married his brother William. After William died, his wife married Roger Porter and left England to come to America. | |
| 600 | 3 | 0. | ‡aRogers family. |
| 600 | 3 | 0. | ‡aSkelton family. |
| 600 | 3 | 7. | ‡aBerry. ‡2fssh |
| 600 | 3 | 7. | ‡aJones. ‡2fssh |
| 600 | 3 | 7. | ‡aKennemer. ‡2fssh |
| 600 | 3 | 7. | ‡aKilgore. ‡2fssh |
| 600 | 3 | 7. | ‡aLawrence. ‡2fssh |
| 650 | 0. | ‡aGenealogy. | |
| 655 | 0. | ‡aGenealogy | |
| 655 | 0. | ‡aFamily History | |
| 700 | 1 | . | ‡aSkelton, Clarance C. ‡q(Clarance Carlton), ‡d1916- |
| 901 | . | ‡a124056 ‡bUnknown ‡c124056 ‡tbiblio | |